Представление документа в формате RUSMARC

ПолеНазваниеЗначение
  Тип записи a
  Библиографический уровень m
001 Контрольный номер 82d506501e9442d490cf4bf590ed6cf0
005 Дата корректировки 20210706120906.6
010 Индекс ISBN __
a ISBN 978-5-91768-939-5
200 Заглавие и сведения об ответственности 1_
a Заглавие Организация и проведение экспертизы и оценки качества продовольственных товаров
e Сведения, относящиеся к заглавию Учеб. для СПО
f Первые сведения об ответственности М. А. Николаева, Л. В. Карташова
b Общее обозначение материала Текст
210 Выходные данные 1_
a Место издания Москва
c Издательство Норма
c Издательство ИНФРА-М
d Дата издания 2021
215 Физическое описание __
a Объем 320 с.
225 Серия 2_
a Серия Ab ovo
610 Ключевые слова 0_
a Ключевые слова товароведение
610 Ключевые слова 0_
a Ключевые слова экспертиза
a Ключевые слова фальсификация
a Ключевые слова акт
a Ключевые слова учебник
a Ключевые слова СПО
686 Индексы других классификаций __
a Классификационный индекс 30.609
2 Код системы rubbk
686 Индексы других классификаций __
a Классификационный индекс 30.609
2 Код системы rubbk
700 Автор _1
a Фамилия Николаева
b Имя М. А.
g Полное личное имя Мария Андреевна.
701 Альтернативная интеллектуальная ответственность _1
a Фамилия Карташова
b Имя Л. В.
e Роль лиц Автор
4 Код отношения 070
801 Источник записи _0
a Страна RU
b Организация РУК
c Дата составления 20210706
g Правила каталогизации PSBO
801 Источник записи _1
a Страна RU
b Организация РУК
g Правила каталогизации PSBO
852 Данные о местонахождении __
i Авторский знак Н63
j Шифр хранения 30.609
901 Тип документа __
t Тип документа m
937 Технологическая информация __
a Создатель записи (имя) Мясникова
938 Служебная информация __
a Название организации Головной вуз
952 Тип литературы __
c Вид литературы учебник